|
|
|
|
| LEADER |
00599cam a2200193 7i4500 |
| 001 |
0000028443 |
| 005 |
20130204090000.0 |
| 020 |
0 |
0 |
|a 9780307379351
|
| 090 |
0 |
0 |
|a B 985.185207
|b YUH
|
| 100 |
1 |
0 |
|a Yu
|
| 245 |
1 |
0 |
|a China in ten worlds.
|
| 260 |
0 |
0 |
|a New York:
|b Pantheon Books,
|c 2011.
|
| 300 |
# |
# |
|a 225 p.
|
| 650 |
0 |
0 |
|a China --
|x Economic conditions --
|y 2000-
|
| 650 |
0 |
0 |
|a China --
|x Social life and customs --
|y 21st century
|
| 650 |
0 |
0 |
|a China --
|x Civilization --
|y 21st century
|
| 651 |
0 |
0 |
|a China
|
| 700 |
1 |
0 |
|a Barr,
|h Allan Hepburn
|
| 999 |
|
|
|a B000031902
|b Book
|c Countries
|e Business Information Centre
|